000 00448nam a22001695i 4500
001 98932
003 ES-MaACL
007 t|
008 950915s1872 gw ||||1| eng d
040 _aCAM
_bspa
_cCAM
100 1 _aEdwards, Annie.
_946664
245 1 0 _aOught we to visit her /
_cby Mrs. Edwardes.
260 _aLeipzig :
_bBernhard Tauchnitz,
_c1872.
300 _a1 v. ;
_c16 cm.
500 _a2 tom. en 1 vol.
852 _aES-MaACL
_jG-11594
999 _c98932
_d98932